| 000 | 00708nam a22002057a 4500 | ||
|---|---|---|---|
| 003 | OSt | ||
| 005 | 20251120172203.0 | ||
| 008 | 251117b |||||||| |||| 00| 0 eng d | ||
| 020 | _a978-971-9925-02-6 | ||
| 040 |
_aDWCL-Main lib _cOC |
||
| 082 |
_2fourth edition. _aFil. 657 V234b 2014 |
||
| 100 | _aValencia, Edwin G. | ||
| 245 |
_aBasic accounting : _bconcepts, principles, procedures and applications/ _cEdwin G. Valencia |
||
| 250 | _afourth edition. | ||
| 260 |
_a Baguio City, Phils. : _bValencia Educational Supply, _cc2014. |
||
| 300 |
_a682 pages : _billustrations ; _c26cm. |
||
| 504 | _aIncludes glossary | ||
| 650 | _a1. Accounting. | ||
| 942 |
_2ddc _cBK - FIL _efourth edition. _kFil. _n0 |
||
| 999 |
_c5722 _d5722 |
||